LIBRARY & INFORMATION CENTRE, KCAET, TAVANUR

ONLINE PUBLIC ACCESS CATALOGUE (OPAC)

Sardar Patel: In tune with the millions, Vol 3 / (Record no. 7648)

MARC details
000 -LEADER
fixed length control field 00501cam a2200193ua 4500
041 ## - LANGUAGE CODE
Language code of text/sound track or separate title eng
082 ## - DEWEY DECIMAL CLASSIFICATION NUMBER
Classification number 923.2
Item number NAN/SA
100 ## - MAIN ENTRY--AUTHOR NAME
Personal name Nandurkar, G M .
245 00 - TITLE STATEMENT
Title Sardar Patel: In tune with the millions, Vol 3 /
250 ## - EDITION STATEMENT
Edition statement 1 /
260 ## - PUBLICATION, DISTRIBUTION, ETC. (IMPRINT)
Place of publication :
Name of publisher Sardar Vallabh Bhai Patel Smarak Bhavan ,
Year of publication 1976.
300 ## - PHYSICAL DESCRIPTION
Number of Pages 416 ; .
500 ## - GENERAL NOTE
General note **Reference
942 ## - ADDED ENTRY ELEMENTS (KOHA)
Koha item type Books
Holdings
Withdrawn status Lost status Damaged status Home library Current library Date acquired Full call number Accession Number Koha item type
      KAUAET KAUAET 07/04/2012 923.2 13533 Reference
free website counter